000 00654nam a2200229Ia 4500
003 OSt
005 20220928144957.0
006 a|||||r|||| 00| 0
007 ta
008 220927b |||||||| |||| 00| 0 eng d
024 _a77719
037 _cTextual
040 _aSDCL
_cSDCL
_beng
041 _2eng
_aeng
082 _aX:8, P3
100 _aDent Mike Ed.
_9510849
245 0 _aManaging professional identities
_b Knowledge, performativity and the 'new' professional.
260 _c2002
700 _a Whitehead Stephen Ed.
_9510850
942 _hX:8, P3
_cTEXL
_2CC
999 _c831045
_d831045